Um destes dias (Registo nº 4656)

Detalhes MARC
000 -Etiqueta do registo
Cabeçalho 00699nam0a2200241 4500
005 - Identificador da versão
Campo de controlo 20240813122108.0
010 ## - Número internacional normalizado dos livros (ISBN)
Número (ISBN) 9727721583
021 ## - Número do Depósito Legal
Código do país PT
Número 150766/00
100 ## - Dados gerais de processamento
Dados gerais de processamento 20190115d2000 da y0pory5003 ba
102 ## - Pais de publicação ou produção
País de publicação Portugal
101 0# - Língua de publicação
Língua do texto, banda sonora, etc. Português
215 ## - Descrição física 
Indicação específica da natureza do documento e extensão da espécie 15, [2] p
200 1# - Titulo e menção de responsabilidade
Título próprio Um destes dias
Primeira menção de responsabilidade Jorge Eusébio
210 ## - Publicação, Distribuição, etc. 
Lugar da edição, distribuição, etc. Lisboa
Nome do editor, distribuidor, etc. Colibri
Lugar da edição, distribuição, etc. Portimão
Nome do editor, distribuidor, etc. Câmara Municipal
Data da publicação, distribuição, etc. 2000
300 ## - Notas gerais 
Texto da nota Prémio Manuel Teixeira Gomes - 1999 (Menção Especial do Júri)
606 ## - Nome comum usado como assunto
Número de registo de entrada de autoridade 0001335
Palavra de ordem Literatura portuguesa
Subdivisão de assunto Conto
Código do sistema CA
675 ## - Classificação Decimal Universal (CDU)
Notação 821.134.3-34
Edição 3ª ed.
Língua da edição por
700 #1 - Nome de autor-pessoa física (responsabilidade principal)
Número de registo de entrada de autoridade 0002054
Palavra de ordem Eusébio
Outra parte do nome não tomada para palavra de ordem Jorge
966 ## - Identificação da Biblioteca
Sigla EBVEN
942 ## - Elementos de entrada adicionados (Koha)
Tipo de item no Koha Livro
Exemplares
Situação do levantamento Origin of item (home branch) (coded) Biblioteca de empréstimo Código de barras Cota Circulation type (not for loan) Tipo de documento Nota do exemplar Damaged status
  Biblioteca Escolar das Vendas Biblioteca Escolar das Vendas BEV696 8POR JAN   Livro Sem mensagem